000 00466nam a2200169 4500
003 SEACOMMC
005 20250422144552.0
008 241022b |||||||| |||| 00| 0 eng d
020 _a978-81-2691-25-5
_cRs.820.00
040 _aSEACOMMC
082 _a658.802
_bM 432
100 _a Mathur, U. C
245 1 _aStrategic Marketing Management : text and cases
_cU. C. Mathur
260 _a Delhi
_b Macmillan
_c 2006
650 _a Marketing--Management
942 _cBOOK
999 _c682
_d682